| Поле | Инд. | ПП | Название | Значение |
|---|---|---|---|---|
| Тип записи | a | |||
| Библиографический уровень | b | |||
| 001 | Контрольный номер | b42f554ba47a4ea0bb5650946721da2b | ||
| 005 | Дата корректировки | 20210820094946.3 | ||
| 024 | 80 | a | Стандартный номер | DOI: 10.1016/j.nuclphysa.2010.07.009 |
| 040 | a | Служба первич. каталог. | РИНЦ | |
| 041 | 0_ | a | Код языка текста | eng |
| 084 | a | Индекс другой классификации/Индекс ББК | 22.381 | |
| 097 | a | Ануфриева Г.Ю. | ||
| 097 | a | Спаскова Н.О. | ||
| 100 | 1_ | a | Автор | Argyriades J. |
| 100 | 1_ | a | Автор | Augier C. |
| 100 | 1_ | a | Автор | Bongrand M. |
| 100 | 1_ | a | Автор | Jullian S. |
| 100 | 1_ | a | Автор | Nemchenok I. B. |
| g | Прочие сведения | РИНЦ AuthorID: 44551 (https://elibrary.ru/author_items.asp?authorid=44551); Scopus Author ID: 8401877000 (https://www.scopus.com/authid/detail.uri?authorId=8401877000); ResearcherID: F-9715-2014 (http://www.researcherid.com/rid/F-9715-2014) | ||
| q | Полное имя | Немченок Игорь Борисович | ||
| i | 000090997 | |||
| k | Ректорат | |||
| c | Титул (звания) | доцент (ученое звание); кандидат химических наук; доцент (должность); ученый секретарь; заведующий кафедрой | ||
| 245 | 10 | a | Заглавие | Measurement of the two neutrino double beta decay half-life of Zr-96 with the NEMO-3 detector |
| 650 | 04 | a | Основная рубрика | физика; ядерная физика; экспериментальная физика |
| 773 | 18 | t | Название источника | Nuclear Physics A |
| b | Сведения об издании | Elsevier Science Publishing Company, Inc. | ||
| c | Нидерланды | |||
| d | Место и дата издания | 2010 | ||
| m | Специф. данные | входит в Scopus | ||
| m | Специф. данные | входит в WoS | ||
| m | Специф. данные | входит в ядро РИНЦ | ||
| n | Примечание | https://elibrary.ru/title_about.asp?id=791 | ||
| g | Прочая информация | V. 847. - № 3 - 4. - P. 168 - 179 | ||
| w | Контрольный № источника | 47ef5b6799ea4728bf572a656f7ba7ea | ||
| 856 | 40 | u | URL | https://elibrary.ru/item.asp?id=16887927 |
| 901 | t | Тип документа | b | |
| 952 | c | Вид литературы | статья в журнале |